00729nam a2200241 a 450000100060000000300080000600500170001400800410003103500190007204000420009104100080013308200220014110000280016324500490019125000370024026000630027730000330034065000180037365000150039165000300040665000410043665000100047771062BD-RjUL20211209082055.0170424s1961 nyua b 000 0 engsd a(BD-RjUL)71276 aDLCcOClWdNcGrEdOCoLCdBD-RjULbeng aeng a306223bBOR 19611 aBoas, Franzd1858-1942.10aRace, language and culture /cby Franz Boas. a1st Free Press Paperback edition aNew York :bThe Macmillan company,cc1940 [Printing 1966]. axx, 647 p. :c24 cm.bill. ; 0aAnthropology. 0aEthnology. 0aIndians of North America. 0aIndians of North AmericaxLanguages. 0aRace.